Eye Movements and Gestures in Simultaneous and Consecutive Interpreting
Salvato in:
| Autore principale: | |
|---|---|
| Natura: | Sconosciuto |
| Lingua: | inglese |
| Pubblicazione: |
Cham, Switzerland:
Springer,
2019
|
| Serie: | Second language learning and teaching.
|
| Soggetti: | |
| Tags: |
Aggiungi Tag
Nessun Tag, puoi essere il primo ad aggiungerne!!
|
MARC
| LEADER | 00000 a2200000 4500 | ||
|---|---|---|---|
| 003 | CL-VaPUC | ||
| 005 | 20230510164240.0 | ||
| 008 | 211228b2019 ||||| |||| 00| 0 eng d | ||
| 999 | |c 433911 |d 433909 | ||
| 020 | |a 978-3030194451 | ||
| 040 | |c Pontificia Universidad Católica de Valparaíso | ||
| 082 | 7 | |a 418.02 STA 2019 |2 22 | |
| 100 | |a Stachowiak-Szymczak, Katarzyna |9 864126 | ||
| 245 | 1 | |a Eye Movements and Gestures in Simultaneous and Consecutive Interpreting | |
| 260 | |a Cham, Switzerland: |b Springer, |c 2019 | ||
| 300 | |a 159 páginas | ||
| 490 | |a Second language learning and teaching. | ||
| 583 | |k Cristina María Rojas Aguilar |c 20211228 | ||
| 650 | 0 | |a Traducción e interpretación |9 315998 | |
| 650 | 0 | |a Interpretación simultánea |9 882134 | |
| 650 | 0 | |a Interpretación consecutiva |9 865513 | |
| 942 | |2 ddc |c BK | ||
| 952 | |0 0 |1 0 |2 ddc |4 0 |6 418_020000000000000_STA_2019 |7 0 |8 A |9 579923 |a BIBEDU |b BIBEDU |d 2021-12-28 |e 74 |g 65621.00 |i 5631718 |o 418.02 STA 2019 |p 5631718 |r 2021-12-28 |t 1 |v 65621.00 |w 2021-12-28 |y BK |k LIT | ||